Statistics for Ireland County Capitals

Click here to take the quiz!

General Stats

  • This quiz has been taken 14 times
  • The average score is 17 of 29

Answer Stats

CountyCapital% Correct
CorkCork
92%
LimerickLimerick City
92%
AntrimBelfast
83%
CavanCavan
83%
GalwayGalway City
83%
KilkennyKilkenny
83%
WicklowWicklow
83%
CarlowCarlow
75%
MonaghanMonaghan
75%
RoscommonRoscommon
75%
SligoSligo
75%
WexfordWexford
75%
ArmaghThe City of Armagh
67%
ClareEnnis
58%
MayoCastlebar
50%
LouthDundalk
50%
FermanaghEnniskillen
50%
KildareNaas
50%
TyroneOmagh
50%
LaoisPortlaoise
50%
KerryTralee
50%
DonegalLifford
42%
MeathNavan
42%
DownDownpatrick
33%
WestmeathMullingar
33%
OffalyTullamore
25%
TipperaryNenagh
17%
DerryColeraine
8%
WaterfordDungarvon
0%

Score Distribution

Percentile by Number Answered

Percent of People with Each Score

Your Score History

You have not taken this quiz